5HLuxD.jpg

KING HENRY VIII SENIOR AND PRIMARY SCHOOL LIBRARY OPAC

Where is the Grand Canyon? / (Record no. 4214)

000 -LEADER
fixed length control field 01474cam a2200373 i 4500
001 - CONTROL NUMBER
control field 18440929
003 - CONTROL NUMBER IDENTIFIER
control field OSt
005 - DATE AND TIME OF LATEST TRANSACTION
control field 20250127102125.0
008 - FIXED-LENGTH DATA ELEMENTS--GENERAL INFORMATION
fixed length control field 150107s2015 nyuab j b 000 0 eng
010 ## - LIBRARY OF CONGRESS CONTROL NUMBER
LC control number 2014042872
020 ## - INTERNATIONAL STANDARD BOOK NUMBER
International Standard Book Number 9780448483573 (pbk)
040 ## - CATALOGING SOURCE
Original cataloging agency DLC
Language of cataloging eng
Transcribing agency DLC
Description conventions rda
Modifying agency DLC
042 ## - AUTHENTICATION CODE
Authentication code pcc
043 ## - GEOGRAPHIC AREA CODE
Geographic area code n-us-az
050 00 - LIBRARY OF CONGRESS CALL NUMBER
Classification number F788
Item number .O25 2015
082 00 - DEWEY DECIMAL CLASSIFICATION NUMBER
Classification number 979.1/32
Edition number 23
100 1# - MAIN ENTRY--PERSONAL NAME
Personal name O'Connor, Jim.
245 10 - TITLE STATEMENT
Title Where is the Grand Canyon? /
Statement of responsibility, etc. by Jim O'Connor ; illustrated by Daniel Colón.
264 #1 - PRODUCTION, PUBLICATION, DISTRIBUTION, MANUFACTURE, AND COPYRIGHT NOTICE
Place of production, publication, distribution, manufacture New York :
Name of producer, publisher, distributor, manufacturer Grosset & Dunlap, an imprint of Penguin Group (USA) LLC,
Date of production, publication, distribution, manufacture, or copyright notice [2015]
300 ## - PHYSICAL DESCRIPTION
Extent 108 pages :
Other physical details illustrations, maps (some color) ;
Dimensions 20 cm
336 ## - CONTENT TYPE
Content type term text
Source rdacontent
337 ## - MEDIA TYPE
Media type term unmediated
Source rdamedia
338 ## - CARRIER TYPE
Carrier type term volume
Source rdacarrier
490 0# - SERIES STATEMENT
Series statement Where is ... ?
504 ## - BIBLIOGRAPHY, ETC. NOTE
Bibliography, etc. note Includes bibliographical references.
505 0# - FORMATTED CONTENTS NOTE
Formatted contents note Where is the Grand Canyon? -- Birth of a canyon -- Native people -- Cities of gold -- A one-armed adventurer -- A layer cake of rock -- Wildlife in the canyon -- A trip to the Grand Canyon -- The hand of man.
521 1# - TARGET AUDIENCE NOTE
Target audience note Ages 8-12.
651 #0 - SUBJECT ADDED ENTRY--GEOGRAPHIC NAME
Geographic name Grand Canyon National Park (Ariz.)
Form subdivision Juvenile literature.
651 #0 - SUBJECT ADDED ENTRY--GEOGRAPHIC NAME
Geographic name Grand Canyon (Ariz.)
Form subdivision Juvenile literature.
700 1# - ADDED ENTRY--PERSONAL NAME
Personal name Colón, Daniel,
Relator term illustrator.
906 ## - LOCAL DATA ELEMENT F, LDF (RLIN)
a 7
b cbc
c orignew
d 1
e ecip
f 20
g y-gencatlg
942 ## - ADDED ENTRY ELEMENTS (KOHA)
Source of classification or shelving scheme
Koha item type Books - Non Ficton
Classification part 937 OCO
Holdings
Withdrawn status Lost status Source of classification or shelving scheme Damaged status Not for loan Collection code Permanent Location Current Location Shelving location Date acquired Total Checkouts Total Renewals Full call number Barcode Date last seen Date last checked out Price effective from Koha item type
          Non-Fiction KH8 Primary School Library KH8 Primary School Library Non Fiction 2025-01-27 2 1 979 OCO KHPL000005029 2025-12-05 2025-08-27 2025-01-27 Books - Non Ficton

Powered By KH8 IT Dept